000 00364nam a22001457a 4500
005 20170925144802.0
008 170925b xxu||||| |||| 00| 0 eng d
041 _aeng
082 _a338.17
100 _aRaju,V.T and Rao, D .V .S
_93972
245 _aEconomics of farm Production and Management
260 _aNew Delhi
_bOxford IBH
300 _a207
942 _cBK
999 _c5605
_d5603